| 000 | 00694nam a2200241 a 4500 | ||
|---|---|---|---|
| 001 | 4078 | ||
| 003 | BD-RjUL | ||
| 005 | 20211208233829.0 | ||
| 008 | 160726s1956 nyua 001 0 eng d | ||
| 035 | _a(BD-RjUL)4112 | ||
| 035 | _a(BD-RjUL) | ||
| 040 |
_aVLU _beng _cVLU _dVGT _dBD-RjUL |
||
| 041 | _aeng | ||
| 082 |
_2339 _bCLD _a23 |
||
| 100 | 1 |
_aClark, John Bates, _d1847-1938. _912962 |
|
| 245 | 1 | 4 |
_aThe distribution of wealth : _ba theory of wages, interest and profits / |
| 260 |
_aNew York : _bA.M.Kelley, _cc1965. |
||
| 300 |
_axxviii, 445 p. : _bill. ; _c23 cm. |
||
| 490 | 0 | _aReprints of economic classics | |
| 504 | _aIncludes index. | ||
| 650 | 0 |
_aWealth. _912963 |
|
| 942 |
_2ddc _cBK |
||
| 999 |
_c4078 _d4078 |
||